| 000 | 00579nam a22001937a 4500 | ||
|---|---|---|---|
| 003 | BUBTL | ||
| 008 | 210905b xxu||||| |||| 00| 0 eng d | ||
| 020 | _a9789843468536 | ||
| 082 | _a346.066 / Is41l | ||
| 100 |
_92125 _aIslam, Mohammad Towhidul |
||
| 245 |
_aLectures on company law / _cMohammad Towhidul Islam |
||
| 250 | _a1st edn. | ||
| 260 |
_aDhaka : _bCentre for Human Rights & Legal Research, _cc2019. |
||
| 300 |
_axxv, 620 p. : _c24 cm. |
||
| 650 | 0 |
_926 _aLaw |
|
| 856 |
_k0 _l0 _yDownload |
||
| 942 |
_2ddc _cBK |
||
| 999 |
_c6524 _d6524 |
||